The true born Englishman : a satyr. /

Bibliographic Details
Main Author: Defoe, Daniel, 1661?-1731
Format: eBook
Language:English
Published: Philadelphia : [publisher not identified], Re-printed in the year MDCCIXXVIII. [1778]
Series:Early American imprints. Evans (1639-1800) ; no. 15779.
Subjects:
Online Access:Evans Digital Edition

MARC

Tag First Indicator Second Indicator Subfields
LEADER 00000cam a22000001a 4500
001 in00002137608
006 m e d #
007 cr mn mmmmabba
008 850801r1778 pau s 000 0 eng d
005 20260331160134.8
035 |z w006019 
035 |a MAAR8508011002B 
035 |9 mwa91-39973 
035 |a 317107 
035 |a aas03006019 
040 |a MWA  |c MWA  |e bdrb  |d UtOrBLW 
100 1 |a Defoe, Daniel,  |d 1661?-1731. 
245 1 4 |a The true born Englishman :  |b a satyr. /  |c By Daniel D'Foe. 
264 1 |a Philadelphia :  |b [publisher not identified],  |c Re-printed in the year MDCCIXXVIII. [1778] 
300 |a 38 pages ;  |c (octavo) 
336 |a text  |b txt  |2 rdacontent 
337 |a computer  |b c  |2 rdamedia 
338 |a online resource  |b cr  |2 rdacarrier 
500 |a Provoked by John Tutchin's The foreigners, a poem attacking King William III and the Dutch nation. Cf. Dictionary of national biography. 
500 |a In verse. 
510 4 |a Evans  |c 15779 
510 4 |a Hildeburn, C.R. Pennsylvania,  |c 3692 
530 |a Microform version available in the Readex Early American Imprints series. 
533 |a Electronic text and image data.  |b [Chester, Vt. :  |c Readex, a division of Newsbank, Inc.,  |d 2002-2004.  |e Includes files in TIFF, GIF and PDF formats with inclusion of keyword searchable text.  |f (Early American imprints. First series ; no. 15779). 
500 |a Electronic resource. 
600 1 0 |a Tutchin, John,  |d 1661?-1707.  |t Foreigners. 
650 0 |a National characteristics, British. 
651 0 |a Great Britain  |x Politics and government  |y 1689-1702. 
655 7 |a Poems  |y 1778.  |2 rbgenr 
655 7 |a Satires.  |2 rbgenr 
752 |a United States  |b Pennsylvania  |d Philadelphia. 
830 0 |a Early American imprints.  |n Series I,  |p Evans (1639-1800) ;  |v no. 15779. 
856 4 1 |u http://proxy.library.tamu.edu/login?url=https://opac.newsbank.com/select/evans/15779  |y Evans Digital Edition  |t 0 
999 |a MARS 
999 f f |s bf3d51ee-a254-37e6-95d5-db4219fdf13f  |i b3c9e195-61d3-3303-b8cc-ed0980e1a675  |t 0 
952 f f |a Texas A&M University  |b College Station  |c Electronic Resources  |s www_evans  |d Available Online  |t 0  |h No information provided 
998 f f |t 0  |l Available Online